| 000 | 00728nam a22001577a 4500 | ||
|---|---|---|---|
| 003 | OSt | ||
| 005 | 20151208091332.0 | ||
| 008 | 151208b xxu||||| |||| 00| 0 eng d | ||
| 040 | _cRUA | ||
| 082 | _aFIS CHO 1997 B167 Or.1 | ||
| 100 |
_94495 _aCHOURP, SAMNANG. |
||
| 245 | _aEffect of small scale aquacultural food security in chbar mon district kompong speu province (ឥទ្ធិពលនៃការចិញ្ចឹមត្រីជាលក្ខណះគ្រួសារសំរាប់ស្ថេរភាពស្ពៀងនៅក្នុងស្រុកច្បារមនខេត្តកំពង់ស្ពឺ) | ||
| 260 |
_aPhnom Penh _bRUA _c1997 |
||
| 300 |
_a54p. _bill. _c29cm. |
||
| 942 |
_2ddc _cFIS |
||
| 999 |
_c4191 _d4191 |
||